Statistics for Jewish Foods

Click here to take the quiz!

General Stats

  • This quiz has been taken 386 times
  • The average score is 8 of 15

Answer Stats

ClueFood% Correct
Unleavened bread eaten on PassoverMatzah
88%
Braided Shabbat breadChallah
86%
Potato pancakeLatke
79%
Smoked salmonLox
66%
Chocolate coinsGelt
60%
Noodle or potato casseroleKugel
58%
Polarizing poached fish ballsGefilte Fish
57%
Slow-cooked beef breastBrisket
55%
Sandwich with corned beef, swiss cheese, and sauerkrautReuben
51%
Triangular jelly-filled pastryHamantash
49%
Thin rolled pancake filled with cheese or fruitBlintz
40%
Passover mixture of fruit and nutsCharoset
36%
Holey breadBagel
33%
Spiced, smoked beef slicesPastrami
33%
Rolled, filled cookie made of cream cheese doughRugelach
20%

Score Distribution

Percentile by Number Answered

Percent of People with Each Score

Your Score History

You have not taken this quiz